U.S Cities by Tallest Building - Statistics

General Stats
  • This quiz has been taken 45 times
  • The average score is 20 of 25
Answer Stats
Height City % Correct
1,451 Chicago
100%
1,100 Los Angeles
98%
868 Miami
98%
1,776 New York City
98%
965 Seattle
98%
755 Boston
95%
922 Dallas
95%
1,004 Houston
95%
1,070 San Francisco
95%
875 Austin
90%
714 Denver
90%
735 Las Vegas
90%
1,121 Philadelphia
88%
1,023 Atlanta
85%
727 Detroit
85%
871 Charlotte
80%
792 Minneapolis
80%
841 Pittsburgh
75%
948 Cleveland
73%
811 Indianapolis
73%
697 New Orleans
70%
844 Oklahoma City
70%
900 Jersey City
43%
745 Mobile
33%
710 Atlantic City
20%
No matching quizzes found
Score Distribution
Percent of People with Each Score
Percentile by Number Answered
Your Score History
You have not taken this quiz